[Event "World Rapid 2022"]
[Site "Almaty KAZ"]
[Date "2022.12.27"]
[Round "7.26"]
[White "Vidit, Santosh Gujrathi"]
[Black "Ghaem Maghami, Ehsan"]
[Result "1-0"]
[WhiteTitle "GM"]
[BlackTitle "GM"]
[WhiteElo "2730"]
[BlackElo "2490"]
[WhiteFideId "5029465"]
[BlackFideId "12500739"]
[EventDate "2022.12.26"]

1. d4 Nf6 2. c4 e6 3. g3 d5 4. Bg2 Bb4+ 5. Bd2 Be7 6. Nf3 c6 7. O-O Nbd7 8. Qc2
b6 9. Bf4 Bb7 10. Rd1 Rc8 11. Nc3 dxc4 12. Nd2 Nd5 13. Nxc4 Nxf4 14. gxf4 O-O
15. a3 Nf6 16. e3 Qc7 17. Rac1 Qb8 18. b4 Rfd8 19. Qb3 Nd5 20. Ne5 g6 21. Ne4
Qa8 22. Ng5 Rf8 23. Bh3 Bxg5 24. fxg5 Rc7 25. e4 Nf4 26. Qe3 Nxh3+ 27. Qxh3 Qd8
28. Qg3 Qe7 29. h4 Rd8 30. Ng4 Qd6 31. Nf6+ Kf8 32. Nxh7+ Kg7 33. Nf6 Qxg3+ 34.
fxg3 Kf8 35. d5 exd5 36. exd5 Rd6 37. Re1 Rd8 38. d6 Rcc8 39. d7 Rb8 40. Re5 Kg7
41. Re8 Ra8 42. Rce1 1-0

[Event "World Rapid 2022"]
[Site "Almaty KAZ"]
[Date "2022.12.27"]
[Round "7.27"]
[White "Urazayev, Arystanbek"]
[Black "Cheparinov, Ivan"]
[Result "0-1"]
[WhiteTitle "IM"]
[BlackTitle "GM"]
[WhiteElo "2465"]
[BlackElo "2688"]
[WhiteFideId "13709810"]
[BlackFideId "2905540"]
[EventDate "2022.12.26"]

1. e4 c5 2. Nf3 d6 3. d4 cxd4 4. Nxd4 Nf6 5. Nc3 a6 6. Be2 e5 7. Nb3 Be7 8. h4
Be6 9. f4 b5 10. g4 b4 11. Nd5 Nxd5 12. exd5 Bxh4+ 13. Kf1 Bc8 14. Qd3 g5 15.
fxg5 Bxg5 16. Rxh7 Rxh7 17. Qxh7 Bxc1 18. Rxc1 Nd7 19. Qh8+ Nf8 20. c4 bxc3 21.
Rxc3 Bb7 22. Bf3 Rc8 23. Nd2 Rxc3 24. bxc3 Qg5 25. Ne4 Qg6 26. c4 Bc8 27. c5
dxc5 28. Qxe5+ Kd8 29. Nxc5 Qb1+ 30. Kg2 Qc2+ 31. Kg3 Qxc5 32. Qf6+ Qe7 33. Qb6+
Qc7+ 34. Qxc7+ Kxc7 35. Kf4 Kd6 36. Kg5 Nd7 37. Bd1 Ne5 38. Kf6 Bxg4 39. Bb3 0-1

[Event "World Rapid 2022"]
[Site "Almaty KAZ"]
[Date "2022.12.27"]
[Round "7.28"]
[White "Ganguly, Surya Shekhar"]
[Black "Amin, Bassem"]
[Result "1/2-1/2"]
[WhiteTitle "GM"]
[BlackTitle "GM"]
[WhiteElo "2582"]
[BlackElo "2682"]
[WhiteFideId "5002150"]
[BlackFideId "10601457"]
[EventDate "2022.12.26"]

1. e4 e5 2. Nf3 Nc6 3. d4 exd4 4. Nxd4 Nf6 5. Nxc6 bxc6 6. Nd2 d6 7. b3 g6 8.
Bb2 Bg7 9. Bd3 O-O 10. O-O Re8 11. Re1 c5 12. f3 Rb8 13. Nc4 Be6 14. Rb1 Nh5 15.
Bxg7 Kxg7 16. Qd2 Qf6 17. Bf1 Bxc4 18. Bxc4 Nf4 19. g3 Ne6 20. Kg2 h5 21. h4 Nd4
22. f4 Re7 23. c3 Nb5 24. Rbc1 c6 25. Re3 Rbe8 26. Rce1 Nc7 27. Kh2 d5 28. e5
Qe6 29. Bf1 f5 30. Qb2 Qd7 31. c4 Ne6 32. Rd1 d4 33. Red3 a5 34. Qa3 Qc7 35. Bg2
Qb6 36. Rb1 Rc7 37. Qc1 Rb8 38. a3 Qa6 39. Bf3 Rcb7 40. a4 Rb4 41. Bd1 Qb7 1/2-1/2

[Event "World Rapid 2022"]
[Site "Almaty KAZ"]
[Date "2022.12.27"]
[Round "7.29"]
[White "Salem, A.R. Saleh"]
[Black "Puranik, Abhimanyu"]
[Result "1/2-1/2"]
[WhiteTitle "GM"]
[BlackTitle "GM"]
[WhiteElo "2677"]
[BlackElo "2616"]
[WhiteFideId "9301348"]
[BlackFideId "5061245"]
[EventDate "2022.12.26"]

1. d4 Nf6 2. c4 g6 3. Nf3 Bg7 4. e3 O-O 5. h3 c5 6. d5 e6 7. Nc3 d6 8. Bd3 exd5
9. cxd5 Re8 10. O-O Na6 11. Re1 Nc7 12. e4 b5 13. a3 Rb8 14. Bf4 a5 15. Rc1 b4
16. axb4 axb4 17. Na4 Bd7 18. Re2 Nh5 19. Bg5 f6 20. Be3 f5 21. exf5 Bxf5 22.
Bc4 Qd7 23. Qb3 Kh8 24. Rce1 Nf6 25. Bf4 Rxe2 26. Rxe2 Re8 27. Nb6 Qd8 28. Ng5
Kg8 29. Rxe8+ Ncxe8 30. Na4 Ne4 31. Nxe4 Bxe4 32. Qe3 Bf5 33. b3 Bd4 34. Qe2 Nf6
35. Be3 Qe8 36. Bxd4 Qxe2 37. Bxe2 cxd4 38. Nb2 Bc2 39. Bc4 Kf8 40. Kf1 Ne4 41.
Bd3 Bxd3+ 42. Nxd3 Nd2+ 43. Ke2 Nxb3 44. Nxb4 Nc5 45. Nc6 d3+ 46. Ke3 Kf7 47.
Nb4 Kf6 48. f4 g5 49. fxg5+ Kxg5 50. g3 d2 51. Kxd2 Ne4+ 52. Ke3 Nxg3 53. Nd3
Nh5 54. Nf2 Nf6 55. Kd4 Kf4 56. Nd1 h5 57. Ne3 h4 58. Nc4 Ne8 59. Kd3 Kf3 60.
Kd4 Kg3 61. Ke3 Kxh3 62. Kf3 Kh2 63. Kf2 Kh3 64. Kf3 1/2-1/2

[Event "World Rapid 2022"]
[Site "Almaty KAZ"]
[Date "2022.12.27"]
[Round "7.31"]
[White "Sargissian, Gabriel"]
[Black "Sanal, Vahap"]
[Result "1-0"]
[WhiteTitle "GM"]
[BlackTitle "GM"]
[WhiteElo "2699"]
[BlackElo "2597"]
[WhiteFideId "13300881"]
[BlackFideId "6300545"]
[EventDate "2022.12.26"]

1. d4 d6 2. Nf3 g6 3. c4 Bg7 4. Nc3 Nf6 5. e4 O-O 6. Be2 Nbd7 7. O-O e5 8. Re1
c6 9. d5 c5 10. g3 Kh8 11. Bg5 h6 12. Bd2 Ng8 13. Rb1 h5 14. Qc1 f6 15. Nb5 Nb8
16. Nh4 Kh7 17. f4 a6 18. Nc3 exf4 19. gxf4 f5 20. Nf3 fxe4 21. Nxe4 Nh6 22. Bd3
Kg8 23. Neg5 Nf5 24. Ne6 Bxe6 25. Rxe6 Rf6 26. Bxf5 gxf5 27. Qe1 Nd7 28. Bc3 Rf7
29. Ng5 Bxc3 30. bxc3 Rg7 31. Rxd6 Qc7 32. Qe6+ Kh8 33. Qh6+ Kg8 1-0

[Event "World Rapid 2022"]
[Site "Almaty KAZ"]
[Date "2022.12.27"]
[Round "7.32"]
[White "Sadhwani, Raunak"]
[Black "Rakhmanov, Aleksandr"]
[Result "1-0"]
[WhiteTitle "GM"]
[BlackTitle "GM"]
[WhiteElo "2627"]
[BlackElo "2630"]
[WhiteFideId "35093487"]
[BlackFideId "4173708"]
[EventDate "2022.12.26"]

1. e4 e5 2. Nf3 Nf6 3. Nxe5 d6 4. Nf3 Nxe4 5. Nc3 Nf6 6. d4 Be7 7. Bd3 O-O 8.
O-O Re8 9. h3 d5 10. Re1 Nbd7 11. Bf4 c6 12. Qd2 Nf8 13. Re2 Bd6 14. Rxe8 Nxe8
15. Re1 Bxf4 16. Qxf4 Qf6 17. Qg3 Nd6 18. Na4 Ng6 19. Nc5 Nf4 20. Bf1 h6 21. Ne5
Qg5 22. Ng4 Bxg4 23. Qxg4 Qxg4 24. hxg4 Ne6 25. Nb3 Re8 26. f3 Nf4 27. Rd1 Kf8
28. Kf2 Ne6 29. c3 Ke7 30. g3 Rh8 31. Bd3 Kf6 32. Rh1 g6 33. f4 Kg7 34. Kf3 Re8
35. a4 Nf8 36. Nc5 Ne6 37. Nb3 Nf8 38. a5 a6 39. Nc5 Re7 40. b3 Ne6 41. Na4 Nc7
42. Rd1 Nce8 43. c4 Nf6 44. Nb6 g5 45. Rc1 Nde4 46. Rc2 Nxg3 47. cxd5 Nxd5 48.
Nxd5 cxd5 49. fxg5 hxg5 50. Rc5 Ne4 51. Bxe4 dxe4+ 52. Ke3 f6 53. d5 Kg6 54. b4
Kf7 55. Rc4 Re5 56. Rc7+ Kg6 57. d6 f5 58. d7 Rd5 59. gxf5+ Kf6 60. Kxe4 Re5+
61. Kd4 1-0

[Event "World Rapid 2022"]
[Site "Almaty KAZ"]
[Date "2022.12.27"]
[Round "7.33"]
[White "Andreikin, Dmitry"]
[Black "Kobalia, Mikhail"]
[Result "1-0"]
[WhiteTitle "GM"]
[BlackTitle "GM"]
[WhiteElo "2729"]
[BlackElo "2577"]
[WhiteFideId "4158814"]
[BlackFideId "4119150"]
[EventDate "2022.12.26"]

1. d4 d5 2. c4 c6 3. Nf3 Nf6 4. Qc2 g6 5. cxd5 cxd5 6. Bf4 Nc6 7. Nc3 Bf5 8. Qb3
Na5 9. Qd1 Bg7 10. e3 O-O 11. Be2 Bg4 12. O-O Rc8 13. Rc1 Ne4 14. Nb5 Rxc1 15.
Qxc1 Nc4 16. Nc3 Nxc3 17. Qxc3 Qb6 18. h3 Bf5 19. b3 Nd6 20. Rc1 Rc8 21. Qb2 Bd7
22. Rxc8+ Nxc8 23. Ne5 Be8 24. Qc3 Qd8 25. a4 e6 26. Qb4 Qb6 27. Qc3 Qd8 28. a5
Bf8 29. a6 bxa6 30. Bxa6 Nd6 31. Be2 g5 32. Bh2 Ne4 33. Qc1 Qa5 34. f3 Ba3 35.
Qa1 Qd2 36. fxe4 Qxe2 37. Ng4 Bb5 38. Be5 Qb2 39. Nf6+ Kg7 40. Qxb2 Bxb2 41.
exd5 exd5 42. Nxd5+ Kf8 43. Bd6+ Kg7 44. Be5+ Kf8 45. Kf2 Bc6 46. Nf6 h6 47. d5
Bxe5 48. dxc6 Ke7 49. Ng8+ Kd6 50. Nxh6 Kxc6 51. Nxf7 Bf6 52. Ke2 Kd5 53. Kd3
Be7 54. Nh6 Bd8 55. Ng4 Be7 56. Nh2 Bd8 57. Nf3 Be7 58. e4+ Kc5 59. Nd4 Bf6 60.
Nf5 Kb4 61. Kc2 Kc5 62. g3 Kc6 63. Kd3 Kd7 64. h4 gxh4 65. Nxh4 Kd6 66. Nf3 Kc5
67. g4 Kb4 68. Kc2 a5 69. g5 Bg7 70. Nh4 1-0

[Event "World Rapid 2022"]
[Site "Almaty KAZ"]
[Date "2022.12.27"]
[Round "7.34"]
[White "Idani, Pouya"]
[Black "Andriasian, Zaven"]
[Result "1/2-1/2"]
[WhiteTitle "GM"]
[BlackTitle "GM"]
[WhiteElo "2637"]
[BlackElo "2580"]
[WhiteFideId "12510130"]
[BlackFideId "13302000"]
[EventDate "2022.12.26"]

1. e4 c5 2. Nf3 d6 3. d4 cxd4 4. Nxd4 Nf6 5. Nc3 a6 6. Be3 Ng4 7. Bc1 Nf6 8. Be3
Ng4 9. Bg5 h6 10. Bh4 g5 11. Bg3 Bg7 12. h3 Ne5 13. Nf5 Bxf5 14. exf5 Nbc6 15.
Nd5 e6 16. fxe6 fxe6 17. Ne3 O-O 18. Be2 d5 19. O-O b5 20. c3 Ng6 21. Bg4 Qf6
22. Re1 Nce5 23. Nc2 Rae8 24. Bh5 Re7 25. Bxg6 Nxg6 26. a4 Nf4 27. axb5 axb5 28.
Ra6 h5 29. Nb4 h4 30. Bxf4 Qxf4 31. Nd3 Qf5 32. Re3 Rfe8 33. Qe2 d4 34. cxd4
Bxd4 35. Re4 e5 36. Kh2 Re6 37. Ra5 Rb8 38. Ra1 Rc8 39. Re1 Rec6 40. Qh5 Rf8 41.
R1e2 Re6 42. f4 Rg6 43. Nxe5 Bxe5 44. fxe5 Re6 45. Re1 Kg7 46. Qe2 Rfe8 47. Qxb5
Qf2 48. Rf1 Qg3+ 49. Kh1 Rxe5 50. Qd7+ R8e7 51. Qxe7+ Rxe7 52. Rxe7+ Kg6 53.
Ref7 g4 54. Rf8 Kg7 55. hxg4 h3 56. R8f2 Kg6 57. gxh3 Qxh3+ 58. Kg1 Qg3+ 59. Rg2
Qe3+ 60. Rff2 Kg5 61. Kh2 Qe5+ 62. Rg3 Kh4 63. Rg2 Kg5 64. b3 Qh8+ 65. Rh3 Qe5+
66. Kh1 Qe1+ 67. Rg1 Qe4+ 68. Kh2 Qe5+ 69. Rhg3 Qh8+ 70. Kg2 Qb2+ 71. Kh3 Qh8+
72. Kg2 Qb2+ 1/2-1/2

[Event "World Rapid 2022"]
[Site "Almaty KAZ"]
[Date "2022.12.27"]
[Round "7.35"]
[White "Suleymenov, Alisher"]
[Black "Zhigalko, Sergei"]
[Result "1/2-1/2"]
[WhiteTitle "IM"]
[BlackTitle "GM"]
[WhiteElo "2476"]
[BlackElo "2572"]
[WhiteFideId "13707833"]
[BlackFideId "13502956"]
[EventDate "2022.12.26"]

1. d4 Nf6 2. c4 e6 3. Nf3 b6 4. a3 Ba6 5. Qc2 Bb7 6. Nc3 c5 7. e4 cxd4 8. Nxd4
Nc6 9. Nxc6 Bxc6 10. Bf4 Nh5 11. Be3 Bc5 12. Qd3 Qc7 13. g3 f5 14. Bg2 O-O 15.
O-O f4 16. Bxc5 bxc5 17. b4 Rad8 18. Nb5 Qb6 19. Qe2 g6 20. Bf3 fxg3 21. hxg3
Ng7 22. Rab1 cxb4 23. axb4 Bxb5 24. cxb5 e5 25. Bg4 h5 26. Bh3 h4 27. Kg2 Nh5
28. Bg4 Nf6 29. Bf3 hxg3 30. fxg3 d5 31. exd5 e4 32. Bg4 Rxd5 33. Rbd1 Rg5 34.
Rf4 Rxg4 35. Rxg4 Nxg4 36. Qxg4 Qf2+ 37. Kh3 Qf5 38. Qxf5 Rxf5 39. Re1 Re5 40.
Kg4 e3 41. Kf3 Rxb5 42. Ra1 Re5 43. Re1 Rf5+ 44. Ke2 Rg5 45. Rg1 Rg4 46. b5 Rg5
47. Ra1 Rxb5 48. Rxa7 Rg5 49. Kxe3 Rxg3+ 50. Kf4 Rg1 51. Rb7 Rf1+ 52. Kg5 Rf7
53. Rb6 Kh7 54. Rxg6 Rg7 55. Rxg7+ Kxg7 1/2-1/2

[Event "World Rapid 2022"]
[Site "Almaty KAZ"]
[Date "2022.12.27"]
[Round "7.36"]
[White "Le, Tuan Minh"]
[Black "Mamedov, Rauf"]
[Result "0-1"]
[WhiteTitle "GM"]
[BlackTitle "GM"]
[WhiteElo "2542"]
[BlackElo "2646"]
[WhiteFideId "12401153"]
[BlackFideId "13401653"]
[EventDate "2022.12.26"]

1. d4 d6 2. e4 Nf6 3. Nc3 e5 4. Nf3 exd4 5. Nxd4 a6 6. a4 g6 7. Bc4 Bg7 8. O-O
O-O 9. Re1 Nc6 10. Nxc6 bxc6 11. Bg5 h6 12. Bh4 g5 13. Bg3 Bg4 14. f3 Be6 15.
Qd3 Nh5 16. Rad1 a5 17. b3 Qb8 18. Bxe6 fxe6 19. Ne2 Nxg3 20. hxg3 Qb6+ 21. Kh1
Rae8 22. Rf1 Qb4 23. g4 Be5 24. g3 c5 25. Kg2 Bg7 26. f4 Rb8 27. e5 dxe5 28.
fxg5 hxg5 29. Rh1 Qb7+ 30. Kg1 e4 31. Qe3 c4 32. bxc4 Qc6 33. Qxg5 Qxc4 34. Rh2
Qxc2 35. Qc1 Qxc1 36. Rxc1 Rf3 37. g5 Be5 38. Rh4 Re3 39. Kf2 Rbb3 40. Rc4 Bxg3+
41. Nxg3 Rf3+ 42. Ke1 Rxg3 43. Rhxe4 Rg2 44. Kf1 Rh2 45. Kg1 Ra2 46. Re1 Rg3+
47. Kf1 Rh3 48. Kg1 Rg3+ 49. Kf1 Rxg5 50. Rxc7 Rf5+ 51. Kg1 Rxa4 52. Kg2 Rg4+
53. Kh3 Rg6 54. Kh4 Rf7 55. Rc8+ Kg7 56. Ra8 Rf4+ 57. Kh3 Rf5 58. Kh4 Rb5 59.
Rc1 Kf6 60. Rf8+ Ke7 61. Ra8 Kf6 62. Rf8+ Ke5 63. Re1+ Kd6 64. Ra8 Ke7 65. Rc1
Rd5 66. Rf1 Rg2 67. Kh3 Rgg5 68. Rc1 Rc5 69. Rd1 Rgd5 70. Rb1 Rd3+ 71. Kg2 Rc2+
72. Kg1 Rg3+ 73. Kh1 Ra3 74. Ra7+ Kf6 75. Rf1+ Ke5 76. Re1+ Kd5 77. Rd7+ Kc6 78.
Rh7 Kb5 79. Rb7+ Ka6 80. Rb8 e5 81. Reb1 Rh3+ 82. Kg1 Rg3+ 83. Kh1 Rc7 84. Ra8+
Ra7 85. Rh8 Rg6 86. Rh5 Re7 87. Rh8 e4 88. Re1 e3 89. Kh2 e2 90. Kh3 Rf6 91. Kg2
Rg7+ 92. Kh2 Rf2+ 93. Kh3 Re7 94. Ra8+ Kb5 95. Rb8+ Kc6 96. Rc8+ Kd7 97. Rc2
Re3+ 98. Kg4 a4 99. Rd2+ Ke6 100. Rb1 Kf6 101. Rh1 a3 102. Rb1 Rf1 103. Rb6+ 0-1

[Event "World Rapid 2022"]
[Site "Almaty KAZ"]
[Date "2022.12.27"]
[Round "7.37"]
[White "Daneshvar, Bardiya"]
[Black "Moiseenko, Alexander"]
[Result "1-0"]
[WhiteTitle "IM"]
[BlackTitle "GM"]
[WhiteElo "2500"]
[BlackElo "2577"]
[WhiteFideId "12576468"]
[BlackFideId "14102560"]
[EventDate "2022.12.26"]

1. Nf3 d5 2. g3 Nc6 3. d4 Bf5 4. Bg2 Nb4 5. Na3 e6 6. O-O Be7 7. Ne5 Nf6 8. c3
Nc6 9. Qa4 O-O 10. Nxc6 bxc6 11. Qxc6 Rb8 12. c4 Qc8 13. Qa4 h5 14. cxd5 exd5
15. Bf4 Rxb2 16. Rfc1 Qe6 17. Bf3 Be4 18. Nc2 c5 19. Ne3 Rb4 20. Qxa7 cxd4 21.
a3 dxe3 22. axb4 Qh3 23. Qxe7 Ng4 24. Qh4 exf2+ 25. Kh1 Bxf3+ 26. exf3 1-0

[Event "World Rapid 2022"]
[Site "Almaty KAZ"]
[Date "2022.12.27"]
[Round "7.38"]
[White "Tsaruk, Maksim"]
[Black "Matlakov, Maxim"]
[Result "1-0"]
[WhiteTitle "FM"]
[BlackTitle "GM"]
[WhiteElo "2373"]
[BlackElo "2662"]
[WhiteFideId "13511173"]
[BlackFideId "4168003"]
[EventDate "2022.12.26"]

1. e4 e5 2. Nf3 Nc6 3. Bb5 a6 4. Ba4 Nf6 5. O-O Be7 6. Re1 b5 7. Bb3 O-O 8. c3
d5 9. exd5 Nxd5 10. Nxe5 Nxe5 11. Rxe5 Bb7 12. d4 Bf6 13. Re1 Re8 14. Na3 b4 15.
cxb4 Nxb4 16. Be3 a5 17. Rc1 Nd5 18. Nc4 Nxe3 19. Nxe3 Re7 20. Qh5 a4 21. Bc4 g6
22. Qb5 c6 23. Qb4 Qxd4 24. Ng4 c5 25. Nxf6+ Qxf6 26. Qxc5 Rae8 27. Rxe7 Rxe7
28. Bf1 Kg7 29. b3 axb3 30. axb3 Rd7 31. Qb5 Qd4 32. h3 Re7 33. Qd3 Qb2 34. Rb1
Qf6 35. Qd2 Re6 36. b4 Rd6 37. Qb2 Qxb2 38. Rxb2 Rd1 39. f3 Kf6 40. Kf2 h5 41.
h4 Rd4 42. Kg3 g5 43. hxg5+ Kxg5 44. b5 h4+ 45. Kf2 Kf4 46. Rc2 Bd5 47. Rc5 Ke5
48. b6 Kd6 49. Rb5 Bb7 50. Ke3 Ra4 51. Rf5 Ke7 52. Rf4 Ra3+ 53. Kd4 f6 54. Rxh4
Kd6 55. Rh7 Ra4+ 56. Ke3 Ra3+ 57. Kf4 Bd5 58. Kf5 Bxf3 59. b7 Bxb7 60. Rxb7 Ra1
61. Be2 1-0

[Event "World Rapid 2022"]
[Site "Almaty KAZ"]
[Date "2022.12.27"]
[Round "7.39"]
[White "Lintchevski, Daniil"]
[Black "Jobava, Baadur"]
[Result "0-1"]
[WhiteTitle "GM"]
[BlackTitle "GM"]
[WhiteElo "2548"]
[BlackElo "2578"]
[WhiteFideId "4171055"]
[BlackFideId "13601520"]
[EventDate "2022.12.26"]

1. e4 c6 2. Nf3 d5 3. d3 g6 4. e5 Bg4 5. Nbd2 Bh6 6. h3 Bxf3 7. Nxf3 Bxc1 8.
Qxc1 e6 9. d4 Nd7 10. Bd3 c5 11. c3 Rc8 12. Qf4 cxd4 13. cxd4 Qa5+ 14. Qd2 Qxd2+
15. Kxd2 Ne7 16. Rhc1 Nc6 17. Rc3 Ke7 18. Rac1 h6 19. Bb5 Ndb8 20. Ne1 Rc7 21.
Nd3 Rhc8 22. Nb4 Kd7 23. Rb3 Ke7 24. Nxc6+ bxc6 25. Be2 Nd7 26. Ba6 Rb8 27. Rxb8
Nxb8 28. Bd3 Rb7 29. b3 Rb6 30. f4 Nd7 31. g4 a5 32. f5 g5 33. f6+ Kd8 34. Ke3
Kc7 35. Be2 Rb4 36. Bd3 c5 37. Bh7 Rb8 38. Bd3 Kc6 39. Bh7 Rh8 40. Bd3 Rb8 41.
Bh7 Kb6 42. Bd3 Rc8 43. Rc2 cxd4+ 44. Kxd4 Rxc2 45. Bxc2 Nb8 46. Bh7 Nc6+ 47.
Kc3 Nxe5 48. a3 Nd7 49. Bg8 Nxf6 50. Bxf7 e5 51. b4 axb4+ 52. Kxb4 e4 53. a4 e3
54. Kc3 d4+ 55. Kc2 Nd7 56. Bc4 Nc5 0-1

[Event "World Rapid 2022"]
[Site "Almaty KAZ"]
[Date "2022.12.27"]
[Round "7.40"]
[White "Sychev, Klementy"]
[Black "Shankland, Sam"]
[Result "0-1"]
[WhiteTitle "GM"]
[BlackTitle "GM"]
[WhiteElo "2556"]
[BlackElo "2710"]
[WhiteFideId "4114060"]
[BlackFideId "2004887"]
[EventDate "2022.12.26"]

1. d4 d5 2. c4 e6 3. Nf3 Nf6 4. Nc3 c5 5. cxd5 Nxd5 6. Bg5 Nxc3 7. bxc3 Be7 8.
Bxe7 Qxe7 9. e3 O-O 10. Bd3 Nc6 11. Be4 Bd7 12. O-O Rfd8 13. Qb1 f5 14. Bd3 Be8
15. Qb2 Rac8 16. Rfe1 b6 17. Bb5 Rc7 18. Rad1 Bh5 19. Bxc6 Rxc6 20. Ne5 Rc7 21.
Rd2 Be8 22. c4 Rdc8 23. d5 Qd6 24. Red1 Ba4 25. dxe6 Qe7 26. Rc1 Qxe6 27. f4 Qe8
28. Rc3 h6 29. Rcd3 b5 30. Rd6 bxc4 31. Qc3 Rb7 32. Qxc4+ Kh7 33. h3 Rb4 34. Qc3
Re4 35. Ra6 Rc7 36. Kh2 Qb5 37. Rdd6 Qe2 0-1

[Event "World Rapid 2022"]
[Site "Almaty KAZ"]
[Date "2022.12.27"]
[Round "7.41"]
[White "Alonso Rosell, Alvar"]
[Black "Harikrishna, Pentala"]
[Result "0-1"]
[WhiteTitle "GM"]
[BlackTitle "GM"]
[WhiteElo "2561"]
[BlackElo "2705"]
[WhiteFideId "2270544"]
[BlackFideId "5007003"]
[EventDate "2022.12.26"]

1. d4 Nf6 2. c4 e6 3. Nf3 d5 4. g3 Be7 5. Bg2 O-O 6. O-O dxc4 7. Qc2 a6 8. a4
Bd7 9. Qxc4 Bc6 10. Bg5 Nbd7 11. Nc3 a5 12. Rfd1 h6 13. Bxf6 Nxf6 14. Qd3 Bxf3
15. Bxf3 c6 16. Nb1 Bb4 17. Na3 Bxa3 18. bxa3 Qe7 19. Rab1 Rfd8 20. Qc3 Rd7 21.
e3 Nd5 22. Qb2 Re8 23. Rdc1 Red8 24. Rc4 Qf6 25. Kg2 Qe7 26. Rbc1 e5 27. Rb1
exd4 28. exd4 Nc7 29. Qc3 Ne6 30. Re1 Qf6 31. Qxa5 Nxd4 32. Bg4 Rd5 33. Qb4 h5
34. Bd1 Ne6 35. Bf3 Rf5 36. Re3 Nd4 37. Rcc3 g5 38. Qb2 Nxf3 0-1

[Event "World Rapid 2022"]
[Site "Almaty KAZ"]
[Date "2022.12.27"]
[Round "7.42"]
[White "Svane, Rasmus"]
[Black "Asadli, Vugar"]
[Result "1-0"]
[WhiteTitle "GM"]
[BlackTitle "GM"]
[WhiteElo "2622"]
[BlackElo "2567"]
[WhiteFideId "4657101"]
[BlackFideId "13405764"]
[EventDate "2022.12.26"]

1. Nf3 Nf6 2. g3 g6 3. Bg2 Bg7 4. O-O O-O 5. d4 d6 6. Re1 Nbd7 7. e4 e5 8. Nc3
b6 9. a4 a5 10. b3 Re8 11. dxe5 dxe5 12. Ba3 Bb7 13. Qe2 Bf8 14. Bxf8 Nxf8 15.
Rad1 Qe7 16. Nd5 Nxd5 17. exd5 Nd7 18. Nd2 Nc5 19. Nc4 Ba6 20. Qxe5 Qd7 21. Qf4
Bxc4 22. Qxc4 Rxe1+ 23. Rxe1 Re8 24. Rxe8+ Qxe8 25. Bf3 Qe5 26. Kg2 h5 27. h4
Kf8 28. b4 axb4 29. Qxb4 Qd6 30. a5 bxa5 31. Qxa5 Nd7 32. Qc3 Ke7 33. Qd4 Nc5
34. Be2 Nd7 35. Bb5 Nc5 36. Bc6 Kf8 37. Qh8+ Ke7 38. Kg1 Na6 39. Qe8+ Kf6 40.
Qh8+ Ke7 41. c3 Nc5 42. Kg2 Na6 43. Qe8+ Kf6 44. Qh8+ Ke7 45. f4 Nc5 46. Kf3 Nd3
47. Qd4 Nc5 48. Qe5+ Kf8 49. Qh8+ Ke7 50. Qe5+ Kf8 51. g4 hxg4+ 52. Kxg4 Ne4 53.
Qh8+ Ke7 54. Qe8+ 1-0

[Event "World Rapid 2022"]
[Site "Almaty KAZ"]
[Date "2022.12.27"]
[Round "7.43"]
[White "Moussard, Jules"]
[Black "Kadric, Denis"]
[Result "1-0"]
[WhiteTitle "GM"]
[BlackTitle "GM"]
[WhiteElo "2684"]
[BlackElo "2584"]
[WhiteFideId "642908"]
[BlackFideId "14403803"]
[EventDate "2022.12.26"]

1. e4 d6 2. d4 Nf6 3. Nc3 e5 4. Nf3 Nbd7 5. Bc4 Be7 6. O-O O-O 7. Re1 c6 8. a4
h6 9. h3 Re8 10. Be3 exd4 11. Qxd4 Nf8 12. Rad1 Be6 13. Bb3 a6 14. Qd3 Bxb3 15.
cxb3 Ne6 16. Qc2 Nd7 17. Nd2 b5 18. f4 Rc8 19. Nf3 Bf8 20. f5 Nec5 21. Bf2 b4
22. Nb1 d5 23. Nbd2 Nxe4 24. Nxe4 dxe4 25. Rxe4 Rxe4 26. Qxe4 Qc7 27. Qd3 Ne5
28. Nxe5 Qxe5 29. Qxa6 Qxf5 30. Qc4 Re8 31. Qxc6 Re2 32. Qf3 Qc2 33. Rf1 Rxf2
34. Rxf2 Bc5 35. Qxf7+ Kh8 36. Qf3 Qxb2 37. Qf8+ 1-0

[Event "World Rapid 2022"]
[Site "Almaty KAZ"]
[Date "2022.12.27"]
[Round "7.44"]
[White "Yoo, Christopher Woojin"]
[Black "Narayanan, S.L."]
[Result "1-0"]
[WhiteTitle "GM"]
[BlackTitle "GM"]
[WhiteElo "2575"]
[BlackElo "2669"]
[WhiteFideId "30909694"]
[BlackFideId "5058422"]
[EventDate "2022.12.26"]

1. e4 c5 2. Nf3 Nc6 3. Bb5 e6 4. O-O Nge7 5. Re1 b6 6. c3 a6 7. Bxc6 Nxc6 8. d4
d5 9. Bg5 Be7 10. Bxe7 Nxe7 11. dxc5 bxc5 12. exd5 Nxd5 13. Qa4+ Qd7 14. Qc4 O-O
15. Qxc5 Bb7 16. Qd4 Qc7 17. Qe5 Qxe5 18. Nxe5 Rfd8 19. g3 f6 20. Nc4 a5 21.
Nbd2 e5 22. a4 Ba6 23. Rad1 Rdb8 24. Nxa5 Bd3 25. Ndc4 e4 26. f3 f5 27. fxe4
fxe4 28. Nc6 Bxc4 29. Nxb8 Rxb8 30. Rxe4 Bb3 31. Ra1 Bc2 32. Re5 Bb3 33. a5 Kf7
34. a6 Kf6 35. a7 Ra8 36. Re4 Kf5 37. Rd4 Ke5 38. Ra3 Bc2 39. Ra5 Be4 1-0

[Event "World Rapid 2022"]
[Site "Almaty KAZ"]
[Date "2022.12.27"]
[Round "7.45"]
[White "Sindarov, Javokhir"]
[Black "Ivic, Velimir"]
[Result "1/2-1/2"]
[WhiteTitle "GM"]
[BlackTitle "GM"]
[WhiteElo "2654"]
[BlackElo "2572"]
[WhiteFideId "14205483"]
[BlackFideId "950122"]
[EventDate "2022.12.26"]

1. e4 c5 2. Nc3 Nc6 3. Nge2 g6 4. d4 cxd4 5. Nxd4 Bg7 6. Be3 Nf6 7. Bc4 O-O 8.
Bb3 d6 9. h3 Bd7 10. O-O Rc8 11. Re1 Na5 12. Nf3 a6 13. Rb1 Nc4 14. Bxc4 Rxc4
15. e5 dxe5 16. Nxe5 Rc8 17. Qf3 Bc6 18. Nxc6 Rxc6 19. Rbd1 Qc8 20. Bd4 Re8 21.
a4 Rd6 22. Be5 Re6 23. a5 b5 24. axb6 Rxb6 25. b3 Rc6 26. Rd2 Rc5 27. Rde2 Rd8
28. b4 Rc6 29. Re3 Re6 30. R3e2 Qc4 31. Qf4 Qxf4 32. Bxf4 Nh5 33. Be5 Rc8 34.
Nd5 Kf8 35. Bxg7+ Nxg7 36. Rxe6 Nxe6 37. Ra1 Rxc2 38. Rxa6 Rc1+ 39. Kh2 Nd4 40.
Ra8+ Kg7 41. Nxe7 Rb1 42. Rg8+ Kf6 43. Re8 Rb2 44. Nd5+ Kf5 45. g4+ Kg5 46. Kg2
Ne6 47. Kg3 Rb3+ 48. f3 Kh6 49. h4 Kg7 50. g5 h6 51. Kg4 Rb1 52. f4 Rb3 53.
gxh6+ Kxh6 54. Nf6 Kg7 55. h5 Rxb4 56. Nd5 Rd4 57. hxg6 Rxd5 58. f5 Rd4+ 59. Kg3
Ng5 60. gxf7 Kxf7 61. Ra8 Kf6 62. Ra6+ Kxf5 63. Ra5+ Kf6 64. Ra6+ Kf5 65. Ra5+
Kg6 66. Ra8 Ne6 67. Ra5 Nf4 68. Re5 Kf6 69. Re8 Ne6 70. Ra8 Rd5 71. Kg4 Ke5 72.
Ra3 Rd4+ 73. Kf3 Nc7 74. Re3+ Kf5 75. Rb3 Nd5 76. Ra3 Rb4 77. Kg3 Ke4 78. Rf3
Rb8 79. Ra3 Rg8+ 80. Kf2 Rf8+ 81. Kg3 Rf7 82. Ra4+ Ke5 83. Ra5 Rf5 84. Ra4 Kf6
85. Ra8 Nc7 86. Rf8+ 1/2-1/2